00704nam a2200193 a 4500008004100000020001500041050001600056100002000072245002000092246006400112260002600176300002300202350000900225650003400234650001300268995008800281999001700369952012400386120416s1993 ||||||||||||||||| || u a0582081165 aHD 4431 Mas aMassam, Bryan H14aThe right place ashared responsibility and the location of public facilities aHarlowbLongmanc1993 axviii, 321p. : ill a0.00 aPUBLIC FACILITIES--MANAGEMENT 0aBUSINESS D0.00FCBU-MAIN LIBRARY (Kitwe)H1I37.00M1UAVAILABLEZAnnex Low-Usage Collection  c56544d56544 00102lcc4070a001b001cAnnex Low-Usage Collection d2022-11-30l0oHD 4431 Masp018344r2022-11-30w2022-11-30y002